000 00183 a2200097 4500
020 _a9788434814615
041 _aspa
100 _aMateos, Pilar
245 _aLa Bruja Mon
942 _cBK
999 _c28612
_d28612